Top 5 Songs On House Of Balloons (The Weeknd) - Statistics

General Stats
  • This quiz has been taken 31 times
  • The average score is 5 of 5
Answer Stats
Hint Answer % Correct
154,571,437 House Of Balloons / Glass Table Girls
100%
471,358,095 Wicked Games
96%
334,748,848 The Morning
92%
259,849,061 High For This
88%
173,725,063 What You Need
80%
No matching quizzes found
Score Distribution
Percent of People with Each Score
Percentile by Number Answered
Your Score History
You have not taken this quiz